Educatinal psychology. (Record no. 1696)

MARC details
000 -LEADER
fixed length control field 00432cam a2200169ua 4500
008 - FIXED-LENGTH DATA ELEMENTS--GENERAL INFORMATION
fixed length control field 110811n ii |||gr||||Z||||||eng
040 ## - CATALOGING SOURCE
Transcribing agency MAIN
082 ## - DEWEY DECIMAL CLASSIFICATION NUMBER
Classification number 370.15
245 1# - TITLE STATEMENT
Title Educatinal psychology.
250 ## - EDITION STATEMENT
Edition statement 14th. /
Remainder of edition statement Edite y Borah & Dutta.
260 ## - PUBLICATION, DISTRIBUTION, ETC.
Place of publication, distribution, etc. Calcutta:
Name of publisher, distributor, etc. Sribhumi publishing cmpany.,969.
300 ## - PHYSICAL DESCRIPTION
Extent 320 p.:
Dimensions 23 cm.
942 ## - ADDED ENTRY ELEMENTS (KOHA)
Koha item type Books
653 ## - INDEX TERM--UNCONTROLLED
Uncontrolled term Education.
653 ## - INDEX TERM--UNCONTROLLED
Uncontrolled term Psychology of education.
Holdings
Withdrawn status Lost status Damaged status Not for loan Home library Current library Shelving location Date acquired Total Checkouts Full call number Barcode Date last seen Copy number Price effective from Koha item type
        Naharkatiya College Library Naharkatiya College Library General Stacks 19/09/2020   370.15 | EDU 11181 19/09/2020 1 19/09/2020 Books

Naharkatiya College © 2020. All rights reserved.

Powered By